Carta apostólica Salvifici Doloris del Sumo Pontífice Juan Pablo II : a los obispos, sacerdotes, familias religiosas y fieles de la Iglesia católica sobre el sentido cristiano del sufrimiento humano /

Đã lưu trong:
Chi tiết về thư mục
Tác giả của công ty: Iglesia Católica. Papa (1978-2005 : Juan Pablo II)
Định dạng: Sách
Ngôn ngữ:Tiếng Tây Ban Nha
Được phát hành: México : Librería Parroquial de Clavería, fecha no identificada
Các nhãn: Thêm thẻ
Không có thẻ, Là người đầu tiên thẻ bản ghi này!

MARC

LEADER 00000nam^a2200000^a^4500
001 000626926
005 20260220000000.0
009 20260310134045.003
037 |a Acervo ITESO - Biblioteca 
041 |a ESP 
091 |a FOB. 03877 
110 |a Iglesia Católica.  |b Papa (1978-2005 : Juan Pablo II) 
245 1 0 |a Carta apostólica Salvifici Doloris del Sumo Pontífice Juan Pablo II :  |b a los obispos, sacerdotes, familias religiosas y fieles de la Iglesia católica sobre el sentido cristiano del sufrimiento humano / 
264 4 |a México :  |b Librería Parroquial de Clavería,  |c fecha no identificada 
300 |a 74 p. 
336 |a texto  |b txt  |2 rdacontenido 
337 |a sin mediación  |b n  |2 rdamedio 
338 |a volumen  |b nc  |2 rdasoporte 
649 |a XX 
910 |a Fondo Carlos de Obeso Orendain 
920 |a Impresos - Libros 
930 |a Fondos Especiales 
905 |a 147 
901 |a 626926-10  |b IT2  |c ESP  |i D  |u 20260127 
902 |a https://opac.biblio.iteso.mx/vufind/Record/000626926